Представление документа в формате RUSMARC

ПолеНазваниеЗначение
  Тип записи a
  Библиографический уровень a
001 Контрольный номер 67ea295d1c834b14be726701340b62a2
005 Дата корректировки 20161202115807.6
100 Данные общей обработки __
a Данные общей обработки 20161202 ||| 0rusy0189 ca
101 Язык документа 0_
a Язык текста rus
102 Страна публикации __
a Страна публикации RU
200 Заглавие и сведения об ответственности 1_
a Заглавие Юридическая конструкция института "муниципального фильтра" проблемы правоприменения
f Первые сведения об ответственности К. А. Кочуров
g Последующие сведения об ответственности науч. рук. Попова А. В.
463 Уровень физической единицы _0
1 2000
a Молодежь и наука: развитие творческого потенциала
e Материалы Международ. студ. науч.-практ. конф. (19 апреля 2016 г.)
f коллектив авторов
b Текст
g АНОО ВО ЦС РФ РУК
v С. 234-241
1 2101
a М.
c Канцлер
d 2016
1 00178f8e0d634c24f0bb35b9e597570888a
610 Ключевые слова 0_
a Ключевые слова муниципальные выборы
a Ключевые слова муниципальный фильт
a Ключевые слова Конституционный Суд РФ
a Ключевые слова юридическая конструкция
700 Автор _1
a Фамилия Кочуров
b Имя К. А.
801 Источник записи _0
a Страна RU
b Организация РУК
c Дата составления 20161202
g Правила каталогизации PSBO
801 Источник записи _1
a Страна RU
b Организация РУК
c Дата составления 20161202
g Правила каталогизации PSBO
901 Тип документа __
t Тип документа a
w Контрольный № источника 78f8e0d634c24f0bb35b9e597570888a
937 Технологическая информация __
a Создатель записи (имя) Тубольцева
938 Служебная информация __
a Название организации Головной вуз